Pays et leur capitale - Mort subite - Statistiques

Statistiques générales
  • Ce quiz a été pris 4 365 fois
  • Le résultat moyen est 5 sur 15
Answers on the Grid
Answers color-coded by a green-red scale on the quiz's grid according to % correct below.
France - Paris
Allemagne - Munich
Inde - Mumbai / Bombay
Tanzanie - Dar es Salaam
Burundi - Gitega
Maroc - Casablanca
Italie - Milan
Pakistan - Karachi
Australie - Canberra
Namibie - Windhoek
Brésil - São Paulo
Canada - Ottawa
Émirats arabes unis - Dubaï
Nigeria - Lagos
Ghana - Accra
Kirghizistan - Bichkek
Suisse -Berne
Fidji - Suva
Turquie - Istanbul
États-Unis - Washington
Uruguay - Montevideo
Zambie - Lusaka
Oman - Sanaa
Nauru - Tarawa
Corée du Sud - Séoul
Arménie - Tbilissi
Bénin - Lomé
Érythrée - Asmara
Guatemala - Managua
Laos - Vientiane
 
Statistiques - réponses
Réponse % Correct
France - Paris
66%
Corée du Sud - Séoul
57%
États-Unis - Washington
57%
Australie - Canberra
55%
Canada - Ottawa
55%
Suisse -Berne
55%
Uruguay - Montevideo
41%
Ghana - Accra
26%
Laos - Vientiane
23%
Namibie - Windhoek
22%
Érythrée - Asmara
20%
Fidji - Suva
20%
Kirghizistan - Bichkek
18%
Zambie - Lusaka
16%
Burundi - Gitega
15%
Aucun quiz correspondant
Distribution des résultats
% des personnes avec chaque résultat
Percentile par nombre de réponses
Votre historique - résultats
Vous n’avez pas pris ce quiz